000 00395nam a2200169Ia 4500
008 230917s9999||||xx |||||||||||||| ||und||
020 _cRS75
040 _e27209
_aMAIN
041 _aEnglish
082 _a657.95 M747C
100 _aMonga, J R
245 0 _aCompany accounts
250 _a2nd ed.
260 _aNew Delhi
_bNational Publishing House
_c1989
300 _a814 p.
942 _cBK
999 _c63037
_d63037